• 首页
  • 本馆介绍
  • 公告通知
  • 最新文献
  • 馆藏检索
  • 电子资源
  • 读者导购
  • 参考咨询
  • 我的图书馆
  • 登录
  • 详细信息显示
  • 放入我的书架
  • 预约/预借图书
  • 作者相关作品
  • 分类相关作品
  • 丛书相关作品
  • 出版社相关作品

书目信息

  • 表格格式
  • 工作单格式
  • 卡片格式
题名:
班主任管理手册
    
 
作者: 朱英华 主编
分册:   学生安全防范与应急避险指导手册
出版信息: 武汉   湖北科学技术出版社  2008.10
页数: 178页
开本: 19cm
丛书名:
单 册:
中图分类: G633.203 , G633.2
科图分类:
主题词: 安全教育--中小学--手册
电子资源:
ISBN: 978-7-5352-2789-8
000 00866nam0 2200241 450
001 2371118183
005 20231226195004.63
010    @a978-7-5352-2789-8@dCNY 40.00
100    @a20160603d2016 em y0chiy0110 ea
101 0  @achi
102    @aCN@b420000
105    @ay z 000yy
200 1  @a班主任管理手册@ABan Zhu Ren Guan Li Shou Ce@i学生安全防范与应急避险指导手册@f朱英华主编
210    @a武汉@c湖北科学技术出版社@d2008.10
215    @a178页@d19cm
330    @a本书内容包括:班主任安全教育,人身与财产安全防范与应急自救指导,火灾的预防与危机应对指导等。
517 1  @a学生安全防范与应急避险指导手册@AXue Sheng An Quan Fang Fan Yu Ying Ji Bi Xian Zhi Dao Shou Ce
606 0  @a安全教育@x中小学@j手册
690    @aG633.203@v5
690    @aG633.2@v4
701  0 @a朱英华@Azhu ying hua@4主编
801  0 @aCN@b辽宁北配@c20231205
905    @aBZT@dG633.2@e1190:1
    
    班主任管理手册.学生安全防范与应急避险指导手册/朱英华主编.-武汉:湖北科学技术出版社,2008.10
    178页;19cm
    
    
    ISBN 978-7-5352-2789-8:CNY 40.00
    本书内容包括:班主任安全教育,人身与财产安全防范与应急自救指导,火灾的预防与危机应对指导等。
●
相关链接 在五车中查询图书 在当当中查询图书 在豆瓣中查询图书


正题名:班主任管理手册     索取号:G633.2/1190:1         预约/预借

序号 登录号 条形码 馆藏地/架位号 状态 备注
1 2001714721   2001714721   辽三/辽宁北配(第三批)/4190/ [索取号:G633.2/1190:1] 在馆    
2 2001714722   2001714722   辽三/辽宁北配(第三批)/4190/ [索取号:G633.2/1190:1] 在馆    
3 2001714723   2001714723   辽三/辽宁北配(第三批)/4190/ [索取号:G633.2/1190:1] 在馆    
4 2001714724   2001714724   辽三/辽宁北配(第三批)/4190/ [索取号:G633.2/1190:1] 在馆    
5 2001714725   2001714725   辽三/辽宁北配(第三批)/4190/ [索取号:G633.2/1190:1] 在馆    
6 2001714726   2001714726   辽三/辽宁北配(第三批)/4190/ [索取号:G633.2/1190:1] 在馆    
7 2001714727   2001714727   辽三/辽宁北配(第三批)/4190/ [索取号:G633.2/1190:1] 在馆    
8 2001714728   2001714728   辽三/辽宁北配(第三批)/4190/ [索取号:G633.2/1190:1] 在馆    
9 2001714729   2001714729   辽三/辽宁北配(第三批)/4190/ [索取号:G633.2/1190:1] 在馆    
10 2001714730   2001714730   辽三/辽宁北配(第三批)/4190/ [索取号:G633.2/1190:1] 在馆    
11 2001714731   2001714731   辽三/辽宁北配(第三批)/4190/ [索取号:G633.2/1190:1] 在馆    
12 2001714732   2001714732   辽三/辽宁北配(第三批)/4190/ [索取号:G633.2/1190:1] 在馆    
13 2001714733   2001714733   辽三/辽宁北配(第三批)/4190/ [索取号:G633.2/1190:1] 在馆    
14 2001714734   2001714734   辽三/辽宁北配(第三批)/4191/ [索取号:G633.2/1190:1] 在馆    
15 2001714735   2001714735   辽三/辽宁北配(第三批)/4191/ [索取号:G633.2/1190:1] 在馆    
16 2001714736   2001714736   辽三/辽宁北配(第三批)/4191/ [索取号:G633.2/1190:1] 在馆    
17 2001714737   2001714737   辽三/辽宁北配(第三批)/4191/ [索取号:G633.2/1190:1] 在馆    
18 2001714738   2001714738   辽三/辽宁北配(第三批)/4191/ [索取号:G633.2/1190:1] 在馆    
19 2001714739   2001714739   辽三/辽宁北配(第三批)/4191/ [索取号:G633.2/1190:1] 在馆    
20 2001714740   2001714740   辽三/辽宁北配(第三批)/4191/ [索取号:G633.2/1190:1] 在馆    
21 2001714741   2001714741   辽三/辽宁北配(第三批)/4191/ [索取号:G633.2/1190:1] 在馆    
22 2001714742   2001714742   辽三/辽宁北配(第三批)/4191/ [索取号:G633.2/1190:1] 在馆    
23 2001714743   2001714743   辽三/辽宁北配(第三批)/4191/ [索取号:G633.2/1190:1] 在馆    
24 2001714744   2001714744   辽三/辽宁北配(第三批)/4191/ [索取号:G633.2/1190:1] 在馆    
25 2001714745   2001714745   辽三/辽宁北配(第三批)/4191/ [索取号:G633.2/1190:1] 在馆    
26 2001714746   2001714746   辽三/辽宁北配(第三批)/4191/ [索取号:G633.2/1190:1] 在馆    
27 2001714747   2001714747   辽三/辽宁北配(第三批)/4191/ [索取号:G633.2/1190:1] 在馆    
28 2001714748   2001714748   辽三/辽宁北配(第三批)/4191/ [索取号:G633.2/1190:1] 在馆    
29 2001714749   2001714749   辽三/辽宁北配(第三批)/4191/ [索取号:G633.2/1190:1] 在馆    
30 2001714750   2001714750   辽三/辽宁北配(第三批)/4191/ [索取号:G633.2/1190:1] 在馆    
山东省滨州职业学院图书馆 欢迎您!
大连网信软件有限公司© 版权所有